The Odyssey of Homer / (Registro nro. 17757)
[ vista simple ]
| 000 -CABECERA | |
|---|---|
| campo de control de longitud fija | 00863cam a2200253 a 4500 |
| 001 - NÚMERO DE CONTROL | |
| campo de control | 000018236 |
| 005 - FECHA Y HORA DE LA ÚLTIMA TRANSACCIÓN | |
| campo de control | 20200929165420.0 |
| 008 - DATOS DE LONGITUD FIJA--INFORMACIÓN GENERAL | |
| campo de control de longitud fija | 720522s1944 nyuab 000 0 eng d |
| 040 ## - FUENTE DE LA CATALOGACIÓN | |
| Centro catalogador/agencia de origen | DO-SdBNP |
| Centro/agencia transcriptor | ODaWU |
| Centro/agencia modificador | OCoLC |
| -- | DLC |
| -- | BNPHU |
| 041 1# - CÓDIGO DE LENGUA | |
| Código de lengua del texto/banda sonora o título independiente | engund |
| 082 ## - NÚMERO DE LA CLASIFICACIÓN DECIMAL DEWEY | |
| Número de clasificación | 883.01 |
| -- | H766ó |
| 049 ## - FONDOS LOCALES (OCLC) | |
| Fondos de biblioteca | BNGR |
| 100 0# - ENTRADA PRINCIPAL--NOMBRE DE PERSONA | |
| Nombre de persona | Homer. |
| 9 (RLIN) | 39490 |
| 245 14 - MENCIÓN DE TÍTULO | |
| Título | The Odyssey of Homer / |
| Mención de responsabilidad, etc. | translated by Samuel Butler ; edited by Louise Ropes Loomis. |
| 260 ## - PUBLICACIÓN, DISTRIBUCIÓN, ETC. | |
| Lugar de publicación, distribución, etc. | New York, : |
| Nombre del editor, distribuidor, etc. | Walter J. Black, |
| Fecha de publicación, distribución, etc. | 1944. |
| 300 ## - DESCRIPCIÓN FÍSICA | |
| Extensión | xxxix, 306 p. : |
| Otras características físicas | ills. ; mapa, ; |
| Dimensiones | 19 cm. |
| 650 #4 - PUNTO DE ACCESO ADICIONAL DE MATERIA--TÉRMINO DE MATERIA | |
| Término de materia o nombre geográfico como elemento de entrada | Poesía griega |
| 9 (RLIN) | 5285 |
| 650 #4 - PUNTO DE ACCESO ADICIONAL DE MATERIA--TÉRMINO DE MATERIA | |
| Término de materia o nombre geográfico como elemento de entrada | Poesía épica |
| 9 (RLIN) | 39491 |
| 650 #4 - PUNTO DE ACCESO ADICIONAL DE MATERIA--TÉRMINO DE MATERIA | |
| Término de materia o nombre geográfico como elemento de entrada | Literatura griega |
| 9 (RLIN) | 2386 |
| 650 #0 - PUNTO DE ACCESO ADICIONAL DE MATERIA--TÉRMINO DE MATERIA | |
| Término de materia o nombre geográfico como elemento de entrada | Epic poetry, greek |
| Subdivisión de forma | Translations into English. |
| 9 (RLIN) | 39492 |
| 700 1# - PUNTO DE ACCESO ADICIONAL--NOMBRE DE PERSONA | |
| Nombre de persona | Butler, Samuel, |
| Fechas asociadas al nombre | 1835-1902, |
| Término indicativo de función/relación | tr. |
| 9 (RLIN) | 39093 |
| 700 1# - PUNTO DE ACCESO ADICIONAL--NOMBRE DE PERSONA | |
| Nombre de persona | Loomis, Louise Ropes, |
| Fechas asociadas al nombre | 1874- |
| Término indicativo de función/relación | ed. |
| 9 (RLIN) | 39493 |
| 910 ## - DATOS DE OPCIÓN DEL USUARIO (OCLC) | |
| Datos de opción del usuario | Catalogación derivada |
| Estado de retiro | Estado de pérdida | Restricciones de uso | No para préstamo | Código de colección | Localización permanente | Ubicación/localización actual | Ubicación en estantería | Fecha de adquisición | Número de inventario | Total de préstamos | Signatura topográfica completa | Código de barras | Fecha visto por última vez | Número de copia | Precio válido a partir de | Tipo de ítem Koha |
|---|---|---|---|---|---|---|---|---|---|---|---|---|---|---|---|---|
| Préstamo restringido | Préstamo restrigido | Monografías: Libros y Folletos | General | General | En catalogación | 21.04.2010 | LF1 | 883.01 H766ó | 18236-10 | 25.06.2020 | e. 1 | 25.06.2020 | No se presta |
